[Event "San Cristobal op 5th"]
[Site "San Cristobal de La Laguna"]
[Date "2023.09.01"]
[Round "8"]
[White "Rodriguez Falcon, Jesus Manuel"]
[Black "Villavicencio Martinez, Adalberto"]
[Result "1-0"]
[WhiteElo "1973"]
[BlackElo "2240"]
[PlyCount "105"]
[EventDate "2023.08.26"]
[EventType "swiss"]
[EventRounds "9"]
[EventCountry "ESP"]
[SourceTitle "EXT 2024"]
[Source "ChessBase"]
[SourceDate "2023.10.10"]
[SourceVersion "1"]
[SourceVersionDate "2023.10.10"]
[SourceQuality "1"]

1. e4 c5 2. Nf3 d6 3. Bb5+ Nd7 4. a4 Ngf6 5. Nc3 e6 6. 0-0 Be7 7. Re1 0-0 8. a5 a6 9. Bf1 b5 10. axb6 Qxb6 11. d3 Bb7 12. Nd2 Ne5 13. Na4 Qc7 14. f4 Nc6 15. Nf3 d5 16. e5 Nd7 17. c3 d4 18. Bd2 Nb6 19. cxd4 cxd4 20. Rc1 Nxa4 21. Qxa4 Qb6 22. Rc2 Rac8 23. Rec1 Qb5 24. Qxb5 axb5 25. Be1 b4 26. Bf2 b3 27. Rc4 Na5 28. Rxc8 Rxc8 29. Rxc8+ Bxc8 30. Bxd4 Bb7 31. Bc3 Bd8 32. Be2 Bd5 33. Nd2 Bb6+ 34. Kf1 Nc6 35. Bf3 Be3 36. g3 Bxd2 37. Bxd5 Bxc3 38. Bxc6 Bxb2 39. Ba4 f6 40. exf6 gxf6 41. Bxb3 Kf7 42. f5 Ke7 43. fxe6 Kd6 44. Ke2 Bd4 45. Kf3 h6 46. Ke4 Bg1 47. h3 Bf2 48. g4 Bh4 49. Kf5 Ke7 50. Kg6 Bg5 51. d4 Be3 52. d5 Bf4 53. Ba2 1-0

[Event "San Cristobal op 5th"]
[Site "San Cristobal de La Laguna"]
[Date "2023.08.27"]
[Round "3"]
[White "Villavicencio Martinez, Adalberto"]
[Black "Van der Veen, Ronald"]
[Result "0-1"]
[WhiteElo "2240"]
[BlackElo "1983"]
[PlyCount "54"]
[EventDate "2023.08.26"]
[EventType "swiss"]
[EventRounds "9"]
[EventCountry "ESP"]
[SourceTitle "EXT 2024"]
[Source "ChessBase"]
[SourceDate "2023.10.10"]
[SourceVersion "1"]
[SourceVersionDate "2023.10.10"]
[SourceQuality "1"]

1. e4 c6 2. d4 d5 3. exd5 cxd5 4. Bd3 Nc6 5. c3 Nf6 6. Bf4 g6 7. Nd2 Bg7 8. Ngf3 0-0 9. 0-0 a6 10. Re1 Re8 11. h3 Nh5 12. Bh2 Bh6 13. Ne5 Nxe5 14. Rxe5 Nf4 15. Bc2 e6 16. Nf3 f6 17. Re1 Bd7 18. Kh1 Re7 19. Qd2 g5 20. Bxf4 gxf4 21. Re2 Qe8 22. Rae1 Qh5 23. Bd3 Kh8 24. Qc2 e5 25. dxe5 Bxh3 26. Nh2 f3 27. gxf3 Bf4 0-1

[Event "Tenerife-chT Preferente"]
[Site "Tenerife"]
[Date "2023.02.11"]
[Round "5.1"]
[White "Rodriguez Redondo, Adhara"]
[Black "Villavicencio Martinez, Adalberto"]
[Result "1/2-1/2"]
[WhiteElo "2091"]
[BlackElo "2266"]
[PlyCount "53"]
[EventDate "2023.01.14"]
[EventType "team-tourn"]
[EventRounds "14"]
[EventCountry "ESP"]
[SourceTitle "EXT 2024"]
[Source "ChessBase"]
[SourceDate "2023.10.10"]
[SourceVersion "1"]
[SourceVersionDate "2023.10.10"]
[SourceQuality "1"]
[WhiteTeam "El Sauzal Libreria Barco"]
[BlackTeam "Canarias 64"]
[WhiteTeamCountry "ESP"]
[BlackTeamCountry "ESP"]

1. e4 c5 2. Nf3 d6 3. d4 cxd4 4. Nxd4 Nf6 5. Nc3 a6 6. Be2 e5 7. Nf3 Be7 8. Bg5 Be6 9. Bxf6 Bxf6 10. Nd5 Qa5+ 11. b4 Qd8 12. 0-0 Nd7 13. c4 0-0 14. Rc1 a5 15. a3 axb4 16. axb4 Ra2 17. Nc3 Rb2 18. Rb1 Rxb1 19. Qxb1 Qb6 20. Rd1 Rc8 21. Nd5 Bxd5 22. Rxd5 Be7 23. Rb5 Qa7 24. Ra5 Qb6 25. Rb5 Qa7 26. Ra5 Qb6 27. Rb5 1/2-1/2

[Event "Tenerife-chT Preferente"]
[Site "Tenerife"]
[Date "2023.02.04"]
[Round "4.1"]
[White "Villavicencio Martinez, Adalberto"]
[Black "Perera Gonzalez, Pablo"]
[Result "1/2-1/2"]
[WhiteElo "2266"]
[BlackElo "2125"]
[PlyCount "20"]
[EventDate "2023.01.14"]
[EventType "team-tourn"]
[EventRounds "14"]
[EventCountry "ESP"]
[SourceTitle "EXT 2024"]
[Source "ChessBase"]
[SourceDate "2023.10.10"]
[SourceVersion "1"]
[SourceVersionDate "2023.10.10"]
[SourceQuality "1"]
[WhiteTeam "Canarias 64"]
[BlackTeam "Circulo de Amistad XII Enero"]
[WhiteTeamCountry "ESP"]
[BlackTeamCountry "ESP"]

1. d4 d5 2. Nf3 e6 3. c4 a6 4. cxd5 exd5 5. Bg5 Be7 6. Bxe7 Nxe7 7. e3 c6 8. Nc3 Bf5 9. Be2 Nd7 10. 0-0 0-0 1/2-1/2

[Event "Santa Cruz Christmas op 32nd"]
[Site "Santa Cruz"]
[Date "2022.12.16"]
[Round "2"]
[White "Villavicencio Martinez, Adalberto"]
[Black "Rizoev, Rifat"]
[Result "1-0"]
[WhiteElo "2266"]
[BlackElo "1768"]
[PlyCount "81"]
[EventDate "2022.12.15"]
[EventType "swiss"]
[EventRounds "9"]
[EventCountry "ESP"]
[SourceTitle "EXT 2024"]
[Source "ChessBase"]
[SourceDate "2023.10.10"]
[SourceVersion "1"]
[SourceVersionDate "2023.10.10"]
[SourceQuality "1"]

1. d4 Nf6 2. Nf3 e6 3. c4 d5 4. Nc3 Be7 5. Bg5 Nbd7 6. e3 h6 7. Bh4 0-0 8. Qc2 c6 9. Bd3 dxc4 10. Bxc4 b5 11. Be2 Bb7 12. 0-0 a6 13. Rfd1 Rc8 14. Ne5 Qe8 15. Bf3 Nd5 16. Bxe7 Qxe7 17. Nxd7 Qxd7 18. Ne4 Qc7 19. Nc5 Nf6 20. Rac1 Nd5 21. Qd2 Rfd8 22. Nd3 Qb6 23. b4 Ra8 24. Ne5 Ne7 25. Rc5 a5 26. a3 axb4 27. axb4 Ra6 28. Rdc1 Rd6 29. Qc2 Qa7 30. Qe4 Ba8 31. Nxf7 Rd5 32. Qxe6 Rxc5 33. dxc5 Ra1 34. Nxh6+ Kh8 35. Nf7+ Kg8 36. Ng5+ Kh8 37. Qh3+ Kg8 38. Qh7+ Kf8 39. Qh8+ Ng8 40. Ne6+ Kf7 41. Qxg7+ 1-0

[Event "Santa Cruz Christmas op 32nd"]
[Site "Santa Cruz"]
[Date "2022.12.15"]
[Round "1"]
[White "Rodriguez Garcia, Joel I"]
[Black "Villavicencio Martinez, Adalberto"]
[Result "0-1"]
[WhiteElo "1324"]
[BlackElo "2266"]
[PlyCount "50"]
[EventDate "2022.12.15"]
[EventType "swiss"]
[EventRounds "9"]
[EventCountry "ESP"]
[SourceTitle "EXT 2024"]
[Source "ChessBase"]
[SourceDate "2023.10.10"]
[SourceVersion "1"]
[SourceVersionDate "2023.10.10"]
[SourceQuality "1"]

1. d4 Nf6 2. Nf3 g6 3. e3 Bg7 4. Be2 d6 5. c4 0-0 6. 0-0 Nbd7 7. Nc3 e5 8. dxe5 dxe5 9. b3 Re8 10. Bb2 c6 11. Qd2 e4 12. Nd4 Ne5 13. Rad1 Bg4 14. h3 Bxe2 15. Ncxe2 Qc7 16. Qc2 a6 17. Qb1 Nd3 18. Ba1 Rad8 19. Nc1 Ne5 20. Qc2 h5 21. Bc3 b5 22. cxb5 cxb5 23. Qb2 Nd5 24. Nde2 Nxc3 25. Nxc3 b4 0-1

[Event "San Cristobal de La Laguna op 4th"]
[Site "San Cristobal de La Laguna"]
[Date "2022.09.02"]
[Round "8"]
[White "Villavicencio Martinez, Adalberto"]
[Black "Pulvett Marin, Daniel Eduardo"]
[Result "0-1"]
[WhiteElo "2275"]
[BlackElo "2522"]
[PlyCount "39"]
[EventDate "2022.08.27"]
[EventType "swiss"]
[EventRounds "9"]
[EventCountry "ESP"]
[SourceTitle "CBM 210 Extra"]
[Source "ChessBase"]
[SourceDate "2022.11.30"]
[SourceVersion "1"]
[SourceVersionDate "2022.11.30"]
[SourceQuality "1"]

1. d4 Nf6 2. c4 g6 3. Nc3 Bg7 4. e4 d6 5. h3 0-0 6. Nf3 e5 7. d5 a5 8. Be3 Na6 9. g4 Nd7 10. Be2 f5 11. gxf5 gxf5 12. exf5 Ndc5 13. Bg5 Bf6 14. Rg1 Kh8 15. Qd2 Bxf5 16. Nh4 Rg8 17. Nxf5 Bxg5 18. Ne3 Qf6 19. Rg2 Rg7 20. Rh2 0-1

[Event "Tenerife-chT Preferente"]
[Site "Tenerife"]
[Date "2022.05.28"]
[Round "14.1"]
[White "Mendez Acosta, Alexander Jesus"]
[Black "Villavicencio Martinez, Adalberto"]
[Result "1/2-1/2"]
[WhiteElo "2041"]
[BlackElo "2278"]
[PlyCount "27"]
[EventDate "2022.01.29"]
[EventType "team-tourn"]
[EventRounds "14"]
[EventCountry "ESP"]
[SourceTitle "EXT 2024"]
[Source "ChessBase"]
[SourceDate "2023.10.10"]
[SourceVersion "1"]
[SourceVersionDate "2023.10.10"]
[SourceQuality "1"]
[WhiteTeam "Al Shah Mat Los Realejos"]
[BlackTeam "Canarias 64"]
[WhiteTeamCountry "ESP"]
[BlackTeamCountry "ESP"]

1. c4 e5 2. Nc3 Nf6 3. g3 Bb4 4. Bg2 0-0 5. Nf3 Re8 6. 0-0 e4 7. Nd4 Nc6 8. Nc2 Bxc3 9. dxc3 h6 10. Ne3 d6 11. b3 a5 12. a4 Ne5 13. Qc2 Neg4 14. h3 1/2-1/2

[Event "Santa Cruz de Tenerife Autumn op"]
[Site "Santa Cruz de Tenerife"]
[Date "2018.10.24"]
[Round "5"]
[White "Villavicencio Martinez, Adalberto"]
[Black "Ferrera Gonzalez, Carlos"]
[Result "1-0"]
[WhiteElo "2320"]
[BlackElo "1825"]
[PlyCount "67"]
[EventDate "2018.10.15"]
[EventType "swiss"]
[EventRounds "9"]
[EventCountry "ESP"]
[SourceTitle "CBM 187 Extra"]
[Source "ChessBase"]
[SourceDate "2018.11.04"]
[SourceVersion "1"]
[SourceVersionDate "2018.11.04"]
[SourceQuality "1"]

1. d4 e6 2. c4 Nf6 3. g3 Bb4+ 4. Bd2 Qe7 5. Bg2 Bxd2+ 6. Nxd2 c5 7. Ngf3 Nc6 8. dxc5 Qxc5 9. 0-0 0-0 10. Rc1 d5 11. cxd5 Qxd5 12. Nc4 Qh5 13. e3 Rd8 14. Nd4 Ng4 15. h3 e5 16. Nxc6 Rxd1 17. Rfxd1 Be6 18. hxg4 Bxg4 19. Rd8+ Rxd8 20. Nxd8 Qg5 21. Nxb7 h5 22. Nbd6 Be6 23. Ne4 Qe7 24. Nxe5 Bxa2 25. Rc8+ Kh7 26. Nc6 Qd7 27. Rd8 Qc7 28. Ng5+ Kh6 29. f4 f6 30. Be4 Qxd8 31. Nxd8 fxg5 32. Nc6 a6 33. Bd3 gxf4 34. exf4 1-0

[Event "Santa Cruz de Tenerife Autumn op"]
[Site "Santa Cruz de Tenerife"]
[Date "2018.10.15"]
[Round "1"]
[White "Villavicencio Martinez, Adalberto"]
[Black "Mamani Beltran, Deniman"]
[Result "1-0"]
[WhiteElo "2320"]
[BlackElo "1807"]
[PlyCount "115"]
[EventDate "2018.10.15"]
[EventType "swiss"]
[EventRounds "9"]
[EventCountry "ESP"]
[SourceTitle "CBM 187 Extra"]
[Source "ChessBase"]
[SourceDate "2018.11.04"]
[SourceVersion "1"]
[SourceVersionDate "2018.11.04"]
[SourceQuality "1"]

1. Nf3 Nf6 2. c4 c5 3. Nc3 Nc6 4. d4 cxd4 5. Nxd4 g6 6. e4 Bg7 7. Be3 0-0 8. Be2 d6 9. 0-0 Bd7 10. Nc2 Rc8 11. Qd2 Ng4 12. Bxg4 Bxg4 13. Bh6 Bxh6 14. Qxh6 Ne5 15. b3 Be6 16. Ne3 Ng4 17. Nxg4 Bxg4 18. Rae1 Be6 19. Re3 f5 20. exf5 Bxf5 21. Rd1 Rf7 22. h3 Qf8 23. Qh4 a6 24. Qd4 Bc2 25. Rd2 Bf5 26. Qb6 Rb8 27. Nd5 e5 28. Nc3 Rd7 29. g4 Be6 30. Ne4 Rbd8 31. c5 Rc8 32. Rxd6 Rxd6 33. Qxd6 Qxd6 34. cxd6 Rd8 35. Ng5 Rxd6 36. Rxe5 Rd1+ 37. Kh2 Bd5 38. Re8+ Kg7 39. Rd8 Rh1+ 40. Kg3 Bc6 41. Ne6+ Kf6 42. Nd4 Rg1+ 43. Kf4 g5+ 44. Ke3 Bg2 45. Rf8+ Ke7 46. Rh8 Re1+ 47. Kd2 Re4 48. Rxh7+ Kf6 49. Nf5 Rf4 50. Ke2 Kg6 51. Rh6+ Kf7 52. Ne3 Bc6 53. h4 Bb5+ 54. Ke1 gxh4 55. Rxh4 Bc6 56. Rh5 Kg6 57. Rc5 Bf3 58. Rf5 1-0

[Event "San Cristobal de La Laguna op 1st"]
[Site "San Cristobal de La Laguna"]
[Date "2018.09.06"]
[Round "8"]
[White "Villavicencio Martinez, Adalberto"]
[Black "Szudra, Heinz Werner"]
[Result "1-0"]
[WhiteElo "2331"]
[BlackElo "2021"]
[PlyCount "43"]
[EventDate "2018.08.31"]
[EventType "swiss"]
[EventRounds "9"]
[EventCountry "ESP"]
[SourceTitle "CBM 186 Extra"]
[Source "ChessBase"]
[SourceDate "2018.08.24"]
[SourceVersion "1"]
[SourceVersionDate "2018.08.24"]
[SourceQuality "1"]

1. Nf3 d6 2. d4 Nf6 3. c4 Bg4 4. Nc3 Nbd7 5. e4 c6 6. Be2 e5 7. Be3 Be7 8. 0-0 Bxf3 9. Bxf3 0-0 10. g3 a6 11. d5 Qc7 12. Rc1 Rab8 13. Qd2 Qa5 14. dxc6 bxc6 15. Nd5 Qd8 16. Nxe7+ Qxe7 17. Rfd1 Nc5 18. Qxd6 Qxd6 19. Rxd6 Ncxe4 20. Rxc6 Rxb2 21. Rxa6 h6 22. c5 1-0

[Event "San Cristobal de La Laguna op 1st"]
[Site "San Cristobal de La Laguna"]
[Date "2018.09.01"]
[Round "3"]
[White "Ferrera Gonzalez, Carlos"]
[Black "Villavicencio Martinez, Adalberto"]
[Result "0-1"]
[WhiteElo "1804"]
[BlackElo "2331"]
[PlyCount "102"]
[EventDate "2018.08.31"]
[EventType "swiss"]
[EventRounds "9"]
[EventCountry "ESP"]
[SourceTitle "CBM 186 Extra"]
[Source "ChessBase"]
[SourceDate "2018.08.24"]
[SourceVersion "1"]
[SourceVersionDate "2018.08.24"]
[SourceQuality "1"]

1. e4 c5 2. Nf3 d6 3. d4 cxd4 4. Nxd4 Nf6 5. Nc3 a6 6. Be2 e6 7. 0-0 Be7 8. Be3 0-0 9. Qd2 Qc7 10. f4 b5 11. a3 Bb7 12. Bf3 Nbd7 13. Rae1 Rac8 14. Kh1 Qb8 15. Bf2 Ba8 16. Bg3 Nb6 17. e5 Nc4 18. Qc1 dxe5 19. fxe5 Nd7 20. Nf5 exf5 21. e6 Qa7 22. exd7 Qxd7 23. Bxa8 Rxa8 24. Rd1 Qb7 25. Nd5 Rad8 26. Rxf5 g6 27. Nxe7+ Qxe7 28. Rff1 Rxd1 29. Rxd1 Qe4 30. Re1 Qf5 31. b3 Nb6 32. h3 Rc8 33. Qh6 Nd7 34. Qd2 Rxc2 35. Qd6 Nf8 36. Kh2 Qf3 37. Rg1 Ne6 38. Be5 Qc6 39. Qe7 Nf8 40. Bd6 Nd7 41. Bf4 h5 42. Qe8+ Kg7 43. Qe3 Qd5 44. Qg3 Nc5 45. Be5+ f6 46. Ba1 Ne4 47. Qb8 h4 48. Rf1 Nc3 49. Qc7+ Kh6 50. Qf4+ Qg5 51. Qf3 Nd5 0-1

[Event "Santa Cruz de Tenerife Verano op"]
[Site "Santa Cruz de Tenerife"]
[Date "2018.08.24"]
[Round "3"]
[White "Martin Ortega, Oscar"]
[Black "Villavicencio Martinez, Adalberto"]
[Result "0-1"]
[WhiteElo "1881"]
[BlackElo "2331"]
[PlyCount "88"]
[EventDate "2018.08.20"]
[EventType "swiss"]
[EventRounds "9"]
[EventCountry "ESP"]
[SourceTitle "CBM 186 Extra"]
[Source "ChessBase"]
[SourceDate "2018.08.24"]
[SourceVersion "1"]
[SourceVersionDate "2018.08.24"]
[SourceQuality "1"]

1. e4 c5 2. Nf3 d6 3. d4 cxd4 4. Qxd4 a6 5. c4 Nc6 6. Qd2 g6 7. Nc3 Bh6 8. Qc2 Bg7 9. Be2 Bg4 10. Bd2 Nf6 11. 0-0 0-0 12. Rac1 Nd7 13. b3 Bxf3 14. Bxf3 Nd4 15. Qd1 b5 16. Be2 Nc5 17. f3 b4 18. Nd5 a5 19. Be3 Nc6 20. Qd2 e6 21. Nf4 a4 22. Bd1 axb3 23. Bxb3 Qc7 24. Nd3 Bd4 25. Rfd1 Rfd8 26. Nf4 Bxe3+ 27. Qxe3 Ra3 28. Rb1 Na5 29. Nd3 Naxb3 30. axb3 Rxb3 31. Rxb3 Nxb3 32. Nxb4 Qxc4 33. Nd3 Qc2 34. Re1 Ra8 35. Re2 Qc3 36. Kf2 Ra1 37. Nf4 Qxe3+ 38. Kxe3 Nc5 39. Rd2 Ra6 40. Ne2 Ra3+ 41. Kf2 Rd3 42. Rb2 Kg7 43. Nc1 Rd1 44. Rc2 Rxc1 0-1

[Event "Santa Cruz de Tenerife March 18 op"]
[Site "Santa Cruz de Tenerife"]
[Date "2018.03.09"]
[Round "3"]
[White "Martin Ortega, Oscar"]
[Black "Villavicencio Martinez, Adalberto"]
[Result "0-1"]
[WhiteElo "1898"]
[BlackElo "2341"]
[PlyCount "58"]
[EventDate "2018.03.05"]
[EventType "swiss"]
[EventRounds "9"]
[EventCountry "ESP"]
[SourceTitle "CBM 183 Extra"]
[Source "ChessBase"]
[SourceDate "2018.04.19"]
[SourceVersion "1"]
[SourceVersionDate "2018.04.19"]
[SourceQuality "1"]

1. e4 c5 2. Nf3 d6 3. d4 cxd4 4. Nxd4 Nf6 5. Nc3 a6 6. f3 e5 7. Nb3 Be6 8. Be3 Be7 9. Qd2 Nbd7 10. g4 0-0 11. 0-0-0 b5 12. Kb1 b4 13. Na4 Rb8 14. Nc1 Qc7 15. g5 Nh5 16. Ne2 Nc5 17. Nxc5 dxc5 18. Nc1 Rfd8 19. Qe1 Rxd1 20. Qxd1 c4 21. Rg1 a5 22. b3 Rd8 23. Qe1 Nf4 24. Ne2 cxb3 25. axb3 a4 26. Bxf4 axb3 27. Qc1 Qa7 28. cxb3 exf4 29. Qc2 Qe3 0-1

[Event "Tenerife-chT Preferente 1718"]
[Site "Tenerife"]
[Date "2018.03.03"]
[Round "11.1"]
[White "Lopez Reboso, Hector Emilio"]
[Black "Villavicencio Martinez, Adalberto"]
[Result "0-1"]
[WhiteElo "1989"]
[BlackElo "2337"]
[PlyCount "126"]
[EventDate "2017.11.11"]
[EventType "team-tourn"]
[EventRounds "14"]
[EventCountry "ESP"]
[SourceTitle "EXT 2019"]
[Source "ChessBase"]
[SourceDate "2018.10.10"]
[SourceVersion "1"]
[SourceVersionDate "2018.10.10"]
[SourceQuality "1"]
[WhiteTeam "Ciberjaque Universidad"]
[BlackTeam "Canarias 64"]
[WhiteTeamCountry "ESP"]
[BlackTeamCountry "ESP"]

1. e4 c5 2. c3 d5 3. exd5 Qxd5 4. Qf3 Nf6 5. Bb5+ Bd7 6. Bxd7+ Nbxd7 7. Qxd5 Nxd5 8. Nf3 g6 9. d4 Bg7 10. dxc5 Nxc5 11. 0-0 0-0 12. Na3 e5 13. Rd1 Rad8 14. g3 e4 15. Nd4 Nd3 16. Nac2 Rfe8 17. Rb1 a6 18. Bg5 f6 19. Bd2 f5 20. Bg5 Rd7 21. Ne2 h6 22. Be3 Nxe3 23. fxe3 Red8 24. Ncd4 Kf7 25. h3 h5 26. Nf4 Bxd4 27. exd4 Nxf4 28. gxf4 g5 29. fxg5 Kg6 30. h4 f4 31. Kg2 Kf5 32. Kh3 e3 33. Rf1 Re8 34. Rf3 Rde7 35. Re1 e2 36. Kg2 Kg4 37. Kf2 Re4 38. g6 Kf5 39. g7 R4e7 40. g8Q Rxg8 41. Rxe2 Rxe2+ 42. Kxe2 Rg4 43. d5 Rxh4 44. d6 Ke6 45. Rd3 Kd7 46. b4 Rh2+ 47. Kf1 Rxa2 48. c4 Rb2 49. c5 Rxb4 50. Rd5 Rc4 51. Rxh5 Kc6 52. Rh7 Rxc5 53. Rc7+ Kxd6 54. Rxb7 Ke5 55. Ke2 Rc2+ 56. Kf3 Rc3+ 57. Ke2 Ra3 58. Re7+ Kd4 59. Kf2 a5 60. Ra7 a4 61. Rb7 Rb3 62. Ra7 a3 63. Ra4+ Kc3 0-1

[Event "Tenerife-chT Preferente 1718"]
[Site "Tenerife"]
[Date "2018.02.10"]
[Round "9.1"]
[White "Hernandez Leon, Alberto"]
[Black "Villavicencio Martinez, Adalberto"]
[Result "0-1"]
[WhiteElo "2248"]
[BlackElo "2337"]
[PlyCount "66"]
[EventDate "2017.11.11"]
[EventType "team-tourn"]
[EventRounds "14"]
[EventCountry "ESP"]
[SourceTitle "EXT 2019"]
[Source "ChessBase"]
[SourceDate "2018.10.10"]
[SourceVersion "1"]
[SourceVersionDate "2018.10.10"]
[SourceQuality "1"]
[WhiteTeam "Ebano Casa Venezuela"]
[BlackTeam "Canarias 64"]
[WhiteTeamCountry "ESP"]
[BlackTeamCountry "ESP"]

1. e4 c5 2. Nf3 d6 3. Bb5+ Bd7 4. Bxd7+ Qxd7 5. 0-0 Nc6 6. c3 Nf6 7. d4 Nxe4 8. d5 Ne5 9. Re1 Nf6 10. Nxe5 dxe5 11. Rxe5 e6 12. c4 0-0-0 13. Nc3 Bd6 14. Re1 exd5 15. Nxd5 Qf5 16. g3 Nxd5 17. Qxd5 Qxd5 18. cxd5 Kd7 19. a4 Rhe8 20. Be3 Re4 21. Rec1 Rc8 22. b3 Rb4 23. Rab1 c4 24. bxc4 Rcxc4 25. Bxa7 Rxc1+ 26. Rxc1 Rxa4 27. Bc5 Ra5 28. Bxd6 Kxd6 29. Rc8 Rxd5 30. Kf1 Re5 31. h4 Re7 32. Rc4 b5 33. Rc8 b4 0-1

[Event "Tenerife-chT Preferente 1617"]
[Site "Tenerife"]
[Date "2017.01.28"]
[Round "5.1"]
[White "Villavicencio Martinez, Adalberto"]
[Black "Villagran Carrasco, Juan Carlos"]
[Result "1-0"]
[WhiteElo "2349"]
[BlackElo "2139"]
[PlyCount "113"]
[EventDate "2016.12.10"]
[EventType "team-tourn"]
[EventRounds "14"]
[EventCountry "ESP"]
[SourceTitle "CBM 176 Extra"]
[Source "ChessBase"]
[SourceDate "2017.03.02"]
[SourceVersion "1"]
[SourceVersionDate "2017.03.02"]
[SourceQuality "1"]
[WhiteTeam "Canarias 64"]
[BlackTeam "La Gomera"]
[WhiteTeamCountry "ESP"]
[BlackTeamCountry "ESP"]

1. c4 Nf6 2. Nc3 d6 3. g3 e5 4. Bg2 Be7 5. Nf3 0-0 6. d4 Nbd7 7. 0-0 c6 8. Qc2 Re8 9. Rd1 Qc7 10. Bd2 Bf8 11. Rac1 g6 12. h3 Bg7 13. e4 Nf8 14. Be3 a6 15. dxe5 dxe5 16. Bc5 N6d7 17. Bd6 Qd8 18. c5 g5 19. h4 h6 20. Na4 Qf6 21. hxg5 hxg5 22. Nh2 Ne6 23. Ng4 Qg6 24. Ne3 Nd4 25. Rxd4 exd4 26. Nf5 d3 27. Qxd3 Ne5 28. Bxe5 Bxe5 29. Ne7+ Rxe7 30. Qd8+ Kg7 31. Qxe7 Qf6 32. Qxf6+ Kxf6 33. Nb6 Rb8 34. Rd1 Bg4 35. Rd2 Be6 36. Bf1 Ke7 37. Bc4 Bc7 38. Bxe6 Bxb6 39. cxb6 Kxe6 40. f4 gxf4 41. gxf4 f6 42. Kg2 Rc8 43. Kf3 c5 44. f5+ Ke7 45. Rh2 Kd6 46. Rh7 Rf8 47. Rxb7 Kc6 48. Re7 Kxb6 49. Re6+ Kb5 50. Kf4 a5 51. e5 fxe5+ 52. Kxe5 a4 53. a3 Kc4 54. f6 Kb5 55. Re7 Kc6 56. f7 c4 57. Ke6 1-0

[Event "Santa Cruz de Tenerife Autumn op"]
[Site "Santa Cruz de Tenerife"]
[Date "2016.10.21"]
[Round "3"]
[White "Villavicencio Martinez, Adalberto"]
[Black "Castaner Harster, Xavier"]
[Result "1-0"]
[WhiteElo "2335"]
[BlackElo "2120"]
[PlyCount "43"]
[EventDate "2016.10.17"]
[EventType "swiss"]
[EventRounds "9"]
[EventCountry "ESP"]
[SourceTitle "CBM 175 Extra"]
[Source "ChessBase"]
[SourceDate "2016.12.12"]
[SourceVersion "1"]
[SourceVersionDate "2016.12.12"]
[SourceQuality "1"]

1. d4 Nf6 2. Nf3 e6 3. e3 c5 4. c3 Nc6 5. Nbd2 d5 6. Bd3 Bd6 7. 0-0 0-0 8. dxc5 Bxc5 9. b4 Bd6 10. Bb2 Bd7 11. a3 Rc8 12. c4 dxc4 13. Nxc4 Be7 14. Qe2 a6 15. Rfd1 Qc7 16. Rac1 Rfd8 17. Nfe5 Nxe5 18. Bxe5 Qc6 19. Qb2 Qb5 20. Be2 Be8 21. Rxd8 Rxd8 22. Bc7 1-0

[Event "Santa Cruz de Tenerife op"]
[Site "Santa Cruz de Tenerife"]
[Date "2016.08.24"]
[Round "8"]
[White "Villavicencio Martinez, Adalberto"]
[Black "Kraus, Oliver"]
[Result "1-0"]
[WhiteElo "2332"]
[BlackElo "1983"]
[PlyCount "41"]
[EventDate "2016.08.08"]
[EventType "swiss"]
[EventRounds "9"]
[EventCountry "ESP"]
[SourceTitle "CBM 174 Extra"]
[Source "ChessBase"]
[SourceDate "2016.10.10"]
[SourceVersion "1"]
[SourceVersionDate "2016.10.10"]
[SourceQuality "1"]

1. d4 Nf6 2. Nf3 c5 3. d5 e6 4. c4 exd5 5. cxd5 Bd6 6. Nc3 Bc7 7. Bg5 d6 8. Nd2 Nbd7 9. e3 0-0 10. Bd3 Qe8 11. 0-0 a6 12. a4 Ne5 13. Bc2 Nfd7 14. e4 h6 15. Bh4 Rb8 16. a5 b5 17. axb6 Rxb6 18. b3 g5 19. Bg3 Nf6 20. h3 Ng6 21. Nc4 1-0